00365nam a2200145Ia 4500008004100000020001500041041001200056082001600068100001600084245004600100260003600146300000800182650001400190700001500204221030s9999 xx 000 0 und d a8178085593 aEnglish a105.23bToc aR. J. Tocci 0aDigital Systems Principles & Applications bPearson EducationaDelhic2002 a881 aComputers aN. S. Neal